000 00464nam a2200181Ia 4500
008 240925s9999 xx 000 0 und d
020 _a9780470534908
082 _a775 HES
100 _aHess, Alan
245 0 _aExposure: digital field guide
250 _aNA
260 _aNew York:
_bJohn Wiley& Sons
_c,2010.
300 _a191p.
_b0
_fOriginal
500 _aIncludes Index
600 _aHumanities & Natural Science
650 _aPhotography
942 _cBK
999 _c17607
_d17607